|
|
|
|
| LEADER |
01449ppm a22003378a 4500 |
| 001 |
00026894 |
| 005 |
20171026081022.0 |
| 008 |
110909s2010 ||||||viesd |
| 041 |
0 |
# |
|a vie
|
| 082 |
1 |
4 |
|a 398.809 597
|b H312A
|
| 100 |
1 |
# |
|a Nguyễn, Thị Ngọc Ảnh
|
| 245 |
1 |
0 |
|a Hình ảnh ghe xuồng trong ca dao Nam Bộ
|b Khóa luận tốt nghiệp : Ngành Sư phạm Ngữ Văn: Trình độ : Đại học
|c Nguyễn Thị Ngọc Ảnh, Nguyễn Thị Xuân Nhã, Lữ Thị Thanh Thúy; Nguyễn Đăng Khánh hướng dẫn
|
| 260 |
# |
# |
|a Đồng Tháp
|b Trường Đại học Đồng Tháp
|c 2010
|
| 300 |
# |
# |
|a 89 tr.
|c 30 cm.
|e 1 bản tóm tắt
|b ảnh màu
|
| 500 |
# |
# |
|a ĐTTTS ghi: Bộ Giáo dục và Đào tạo. Trường Đại học Đồng Tháp
|
| 502 |
# |
# |
|a Thư mục : Tr 88 - 89
|
| 504 |
# |
# |
|a Mục lục : 28 tr
|
| 650 |
|
|
|a Văn học dân gian
|z Nam Bộ
|
| 653 |
# |
# |
|a Ca dao
|
| 653 |
# |
# |
|a Ghe
|
| 653 |
# |
# |
|a Xuồng
|
| 700 |
1 |
# |
|a Lữ, Thị Thanh Thúy
|
| 700 |
1 |
# |
|a Nguyễn, Thị Xuân Nhã
|
| 700 |
1 |
# |
|a Nguyễn, Đăng Khánh
|e hướng dẫn
|
| 852 |
# |
# |
|b Kho đọc
|j KD.0011500, KD.0013909, KD.0015852
|
| 852 |
# |
# |
|j KD.0013909
|j KD.0015852
|j KD.0011500
|
| 910 |
# |
# |
|a Ntuyet
|d 09/09/2011
|
| 980 |
# |
# |
|a Trung tâm Học liệu Lê Vũ Hùng, Trường Đại học Đồng Tháp
|